000 00503nam a2200181Ia 4500
005 20250317123453.0
008 008 250317s9999 xx 000 0 eng d
037 _aTextbook
040 _aFMSL
_beng
_cFMSL
041 _aeng
_2eng
084 _aD658(B) L3
_qFMSL
100 _aEstes J W
_9735519
245 0 _aElements of computers science
260 _aNew Delhi
_bNew Delhi, Canfield
_c1973
300 _a376p
942 _cTB
_hD658(B) L3
999 _c1251395
_d1251395